000 01523nam a22002415i 4500
001 154800
003 ES-MaACL
005 20251209194434.0
008 040713s1858 fr |||| | fre d
040 _aCAM
_bspa
_cCAM
100 1 _aGringore, Pierre,
_d1475?-1538?
_9154445
245 1 0 _aOeuvres complètes de Gringore /
_créunies pour la première fois par MM. Ch. d'Hericoult et A. de Montaiglon.
260 _aA Paris :
_bchez P. Jannet, libraire,
_c1858 (
_fImprimé par E. Thunot et Cie.)
300 _a2 v. ;
_c17 cm.
505 8 _aContiene: t. 1.Œoeuvres politiques. - Dédicace. - Gringore et la politique bourgeoise au XVIe siécle. - Les folles entreprises. - L'entreprise de Venise, avecques les citez, chasteaux, forteresses et places qui usurpent les Véniciens des roys, princes et seigneurs crestiens. - La chasse du cerf des cerfs. - L'espoir de paix. - La Coqueluche. - Le jeu du prince des sotz et mère sotte. - Blazon des hérétiques. - t. 2. Mystère inédit de Saint Louis. - La vie Monseigneur Sainct Loys. - L'obstination des Suisses
594 _aLa segunda parte recopilada por A. de Montaiglon y J. de Rothschild.
596 _aEn el colofón consta: "... avec les caractères elzeviriens de P. Jannet"
700 1 _aMontaiglon, Anatole de,
_d1824-1895
_9130075
700 1 _aHéricault, Charles de Ricault d',
_d1823-1899
_9154452
700 1 _aRothschild, James de,
_d1844-1881
_9154446
852 _aES-MaACL
_jG-2293-94
_z-- Enc. tela grabada
999 _c154800
_d154800